• 首页
  • 本馆介绍
  • 公告通知
  • 最新文献
  • 馆藏检索
  • 电子资源
  • 读者导购
  • 参考咨询
  • 我的图书馆
  • 登录
  • 详细信息显示
  • 放入我的书架
  • 预约/预借图书
  • 作者相关作品
  • 分类相关作品
  • 丛书相关作品
  • 出版社相关作品

书目信息

  • 表格格式
  • 工作单格式
  • 卡片格式
题名:
空中雄鹰——战机
    
 
作者: 周新初 编著
分册:  
出版信息: 北京   化学工业出版社  2009
页数: 247页
开本: 24cm
丛书名:
单 册:
中图分类: E926.31
科图分类:
主题词: 歼击机--普及读物 , 歼击机
电子资源:
ISBN: 978-7-122-04104-3
000 00848nam0 2200241 45
005 20100301113649.76
010    @a978-7-122-04104-3@dCNY29.80
100    @a20100120d2009 em y0chiy0120 ea
101 0  @achi
102    @aCN@b110000
105    @ay z 000yy
106    @ar
200 1  @a空中雄鹰——战机@AKong Zhong Xiong Ying—— Zhan Ji@f周新初等编著@FZhou Xin Chu Deng Bian Zhu
210    @a北京@c化学工业出版社@d2009
215    @a247页@d24cm
300    @a军事百科普及读物
330    @a本书针对军用飞机发展的百年历史和其诞生的经典机型,对九大类军用飞机及69种经典机型做了详细介绍和分析。包括用于低空火力支援和打击的攻击机,用于空中格斗的战斗机等等。
606 0  @a歼击机@j普及读物
606 0  @a歼击机
690    @aE926.31@v4
701  0 @a周新初@AZhou Xin Chu@4编著
801  0 @aCN@bTANGWEI@c20100301
905    @b0584358-62@dE926.31@e20@f5
    
    空中雄鹰——战机/周新初等编著.-北京:化学工业出版社,2009
    247页;24cm
    军事百科普及读物
    
    ISBN 978-7-122-04104-3:CNY29.80
    本书针对军用飞机发展的百年历史和其诞生的经典机型,对九大类军用飞机及69种经典机型做了详细介绍和分析。包括用于低空火力支援和打击的攻击机,用于空中格斗的战斗机等等。
●
相关链接 在E读中查询图书 在五车中查询图书 在当当中查询图书 在豆瓣中查询图书


正题名:空中雄鹰——战机     索取号:E926.31/20         预约/预借

序号 登录号 条形码 馆藏地/架位号 状态 备注
1 0584358   205843587   第一样本阅览室/ [索取号:E926.31/20] 在馆    
2 0584359   205843596   第一借阅区/ [索取号:E926.31/20] 在馆    
3 0584360   205843603   第一借阅区/ [索取号:E926.31/20] 在馆    
4 0584361   205843612   第一借阅区/ [索取号:E926.31/20] 在馆    
5 0584362   205843621   第一借阅区/ [索取号:E926.31/20] 在馆    
唐山师范学院图书馆 欢迎您!
大连网信软件有限公司© 版权所有